| 000 | 01184 a2200253 4500 | ||
|---|---|---|---|
| 001 | 175 | ||
| 005 | 20260407155414.0 | ||
| 008 | 260407a1995 arg spa d | ||
| 003 | AR-UNSa-BCEJYS | ||
| 040 |
_aAR-UNSa-BCEJYS _bspa _cAR-UNSa-BCEJYS |
||
| 080 |
_a349.22:331.106 _xContrato de trabajo |
||
| 245 | 1 | 0 | _aManual práctico de contratación laboral |
| 020 | _a978-950-739-407-2 | ||
| 250 | _a2a. ed | ||
| 264 | 1 |
_aBuenos Aires : _bErrepar _c1995 |
|
| 300 |
_a477 p. _c27 cm |
||
| 505 | _a1. La evolución del derecho del trabajo y la contratación laboral - 2. Contratación - 3. Empresario y empleador - 4. Contratistas y subcontratista - 5. El contrato de trabajo - 6. Relaciones excluidas del derecho del trabajo, casos dudosos y relaciones especiales - 7. Alcance de las obligaciones contractuales - 8. Modalidades del contrato - 9. Programas y ayudas especiales implementadas por el M.T. y S.S. para fomento de empleo - 10. Registraciones - 11.Legislación | ||
| 041 | _aspa | ||
| 942 | _cBK | ||
| 590 | _aniveau_biblio:m niveau_hierar:0 | ||
| 100 | 1 | _aCaubet, Amanda Beatriz | |
| 700 | 1 | _aFernández Madrid, Juan Carlos | |
| 700 | 1 | _aRoson de Planells, María Elvira | |
| 999 |
_c135 _d135 |
||